Les marsupiaux en image - Statistiques

Statistiques générales
  • Ce quiz a été pris 25 fois
  • Le résultat moyen est 9 sur 23
Statistiques - réponses
Par images Réponse % Correct
Koala
100%
Kangourou
96%
Diable de Tasmanie
79%
Kangourou {rat} musqué
79%
{Rat} marsupial
79%
Wombat
67%
Opossum
63%
Wallaby
63%
{Souris} marsupiale
58%
{Taupe} marsupiale
42%
Phalanger {volant}
33%
Quokka
33%
Opossum {musaraigne}
21%
Dendrolague
17%
{Chat} marsupial
13%
Couscous
13%
Bandicoot
4%
{Fourmilier} marsupial
4%
{Phalanger} de Leadbeater
4%
Souris à {miel}
4%
{Acrobate} pygmée
0%
Colocolo
0%
Monito del monte
0%
Aucun quiz correspondant
Distribution des résultats
% des personnes avec chaque résultat
Percentile par nombre de réponses
Votre historique - résultats
Vous n’avez pas pris ce quiz